| 000 | 02478nam a2200541 i 4500 | ||
|---|---|---|---|
| 001 | 2926713 | ||
| 005 | 20210218145135.0 | ||
| 008 | 191211s2019 mnua c 6 000 0 eng d | ||
| 010 | _a 2019942010 | ||
| 020 |
_a9781532144462 : _c$27.07 |
||
| 020 |
_a1532144466 : _c$27.07 |
||
| 035 | _a(OCoLC)1137386551 | ||
| 035 | _a(PWmBRO)on1137386551 | ||
| 035 | _a2906201 | ||
| 040 |
_aPABRO _beng _erda _cPABRO |
||
| 049 | _aIGAA | ||
| 050 | 4 |
_aPZ7.7.C3653 _bCap 2019 |
|
| 082 | 0 | 4 |
_a741.5/973 _223 |
| 092 |
_ajunior graphic novels _bMarvel |
||
| 100 | 1 |
_aCaramagna, Joe, _eauthor. _95791594 |
|
| 245 | 1 | 0 |
_aCaptain Marvel. _pFrost giants among us! / _cletterer, VC's Joe Caramagna ; editor, Devin Lewis. |
| 246 | 3 | 0 | _aFrost giants among us! |
| 264 | 1 |
_aMinneapolis, Minnesota : _bABDO Spotlight, _c2020. |
|
| 300 |
_a1 volume (unpaged) : _bcolor illustrations ; _c27 cm. |
||
| 336 | _atext | ||
| 337 | _aunmediated | ||
| 338 | _avolume | ||
| 490 | 1 | _aMarvel super hero adventures | |
| 520 | _aWhen a group of Frost Giants make themselves at home in the city, the Avengers have no choice but to bundle up and stand against the ice-hearted interlopers. | ||
| 521 | 1 |
_a7-10 _bBrodart. |
|
| 521 | 2 |
_a2-5 _bBrodart. |
|
| 600 | 0 | 0 |
_aCaptain Marvel _c(Fictitious character from Marvel Comics Group) _vComic books, strips, etc. _95760632 |
| 600 | 0 | 1 |
_aCaptain Marvel _c(Fictitious character from Marvel Comics Group) _vFiction. _96406288 |
| 650 | 0 |
_aSuperheroes _vComic books, strips, etc. _95680220 |
|
| 650 | 1 |
_aSuperheroes _vFiction. _95673961 |
|
| 650 | 1 |
_aGraphic novels. _96406289 |
|
| 655 | 7 |
_aGraphic novels. _2lcgft _96406290 |
|
| 700 | 1 |
_aLewis, Devin. _96406291 |
|
| 830 | 0 |
_aMarvel super hero adventures. _95754898 |
|
| 942 |
_2ddc _cBOOK |
||
| 948 |
_aBAR _bCHILDREN'S _pX121036990 _kJ _h741.5973 _iC259C 2019 _f1 _r2 _g1 _70 _u3 _w11 _s0 _oBAR _0$27.07 _y99 _c35 _jDewey Decimal _nOn-Order _e1620744-2 _9Item generated Feb 6 2020 8:37AM |
||
| 999 |
_c358719 _d358719 |
||
| 999 | _b741.5973 C259C 2019 | ||